World Cities by Letter J - Picture Quiz - Statistics

General Stats
  • This quiz has been taken 130 times
  • The average score is 6 of 18
Answer Stats
Picture Answer % Correct
Jerusalem
89%
Jakarta
69%
Jeddah
66%
Johannesburg
59%
Jaipur
51%
Jacksonville
42%
Jackson
38%
Juba
28%
Jefferson City
19%
Jinan
18%
Juneau
17%
Jerez de la Frontera
15%
Jersey City
15%
Jena
13%
Jilin
8%
Jonkoping
6%
Jiangyin
4%
Joliet
3%
No matching quizzes found
Score Distribution
Percent of People with Each Score
Percentile by Number Answered
Your Score History
You have not taken this quiz